Les langues turciques les plus parlées - Statistiques

Statistiques générales
  • Ce quiz a été pris 108 fois
  • Le résultat moyen est 5 sur 15
Statistiques - réponses
Nombre de
locuteurs
Langues % Correct
95M Turc
100%
25M Ouzbek
70%
16M Kazakh
69%
35M Azéri
58%
7M Turkmène
49%
4M Kirghize
44%
20 à 25M Ouïghour
43%
8M Tatar
42%
2M Bachkir
13%
2M Tchouvache
10%
60 000 Salar
3%
1 à 1,5M Kachkaï
1%
20 000 Khalaj
1%
450 000 Lakoute
1%
200 000 Touvain
1%
Aucun quiz correspondant
Distribution des résultats
% des personnes avec chaque résultat
Percentile par nombre de réponses
Votre historique - résultats
Vous n’avez pas pris ce quiz